Une lettre , Un personnage version Jujutsu Kaisen - Statistiques

Statistiques générales
  • Ce quiz a été pris 203 fois
  • Le résultat moyen est 13 sur 22
Statistiques - réponses
Par images Réponse % Correct
Choso
95%
Itadori Yuji
93%
Gojo Satoru
92%
Megumi Zenin / Fushiguro
91%
Ryomen Sukuna
91%
Nobara Kugisaki
89%
Panda
89%
Suguru Geto
89%
Yuta Okkotsu
89%
Toji Zenin / Fushiguro
87%
Junpei Yoshino
67%
Zenin Noabito
65%
Dagon
61%
Utahime Iori
61%
Kasumi Miwa
59%
Akari Nitta
24%
Eso
24%
Larue
14%
Haruta Shigemo
12%
Wasuke Itadori
5%
Fujinuma
1%
Osamu Shimada
1%
Aucun quiz correspondant
Distribution des résultats
% des personnes avec chaque résultat
Percentile par nombre de réponses
Votre historique - résultats
Vous n’avez pas pris ce quiz